书目信息 |
| 题名: |
皮江法炼镁镁渣的综合利用
|
|
| 作者: | 吴澜尔 , 韩凤兰 , 刘贵群 著 | |
| 分册: | ||
| 出版信息: | 北京 冶金工业出版社 2021.05 |
|
| 页数: | 114页 | |
| 开本: | 24cm | |
| 丛书名: | ||
| 单 册: | ||
| 中图分类: | X758 | |
| 科图分类: | ||
| 主题词: | 镁--mei--轻金属冶金--炉渣--废物综合利用--研究 | |
| 电子资源: | ||
| ISBN: | 978-7-5024-8784-3 | |
| 000 | 01030nam0 2200277 450 | |
| 001 | 202021192424 | |
| 005 | 20211025120136.0 | |
| 010 | @a978-7-5024-8784-3@dCNY46.00 | |
| 100 | @a20210922d2021 em y0chiy50 ea | |
| 101 | 0 | @achi |
| 102 | @aCN@b110000 | |
| 105 | @aa a 000yy | |
| 106 | @ar | |
| 200 | 1 | @a皮江法炼镁镁渣的综合利用@Api jiang fa lian mei mei zha de zong he li yong@f吴澜尔, 韩凤兰, 刘贵群著 |
| 210 | @a北京@c冶金工业出版社@d2021.05 | |
| 215 | @a114页@c图@d24cm | |
| 314 | @a吴澜尔, 教授。韩凤兰, 北方民族大学教授。刘贵群, 副教授, 研究生导师。 | |
| 320 | @a有书目 | |
| 330 | @a本书主要介绍了作者团队近十年来针对皮江法炼镁还原渣的无害化再利用的科研成果, 包括: 概论 ; 皮江法炼镁 ; 皮江法炼镁还原渣 ; 镁渣的无害化研究 ; 镁渣的资源化利用。 | |
| 606 | 0 | @a镁@Amei@x轻金属冶金@x炉渣@x废物综合利用@x研究 |
| 690 | @aX758@v5 | |
| 701 | 0 | @a吴澜尔@Awu lan er@4著 |
| 701 | 0 | @a韩凤兰@Ahan feng lan@4著 |
| 701 | 0 | @a刘贵群@Aliu gui qun@4著 |
| 801 | 0 | @aCN@c20210909 |
| 905 | @a河南城建学院图书馆@dX758@eW820 | |
| 皮江法炼镁镁渣的综合利用/吴澜尔, 韩凤兰, 刘贵群著.-北京:冶金工业出版社,2021.05 |
| 114页:图;24cm |
| ISBN 978-7-5024-8784-3:CNY46.00 |
| 本书主要介绍了作者团队近十年来针对皮江法炼镁还原渣的无害化再利用的科研成果, 包括: 概论 ; 皮江法炼镁 ; 皮江法炼镁还原渣 ; 镁渣的无害化研究 ; 镁渣的资源化利用。 |
| ● |
| 相关链接 |
|
|
|
正题名:皮江法炼镁镁渣的综合利用
索取号:X758/W820
 
预约/预借
| 序号 | 登录号 | 条形码 | 馆藏地/架位号 | 状态 | 备注 |
| 1 | 1541491 | 215414914 | 自科库501/501自科库 109排2列2层/ [索取号:X758/W820] | 在馆 |